Личность и общество: информационно-психологическая безопасность и психологическая защита (Запис № 575428)
[ простий вигляд ]
| 000 -Лідер | |
|---|---|
| fixed length control field | 02661 a2200253 4500 |
| 003 - Ідентифікатор контрольного номера | |
| control field | UA-OsUOA |
| 005 - Дата та час останнього входження (трансакції) | |
| control field | 20231123115747.0 |
| 008 - Елементи даних фіксованої довжини – загальна інформація | |
| fixed length control field | 231123b un ||||| |||| 00| 0 ukr d |
| 020 ## - Міжнародний стандартний книжковий номер (ISBN) | |
| Міжнародний стандартний книжковий номер (ISBN) (НП) | 5923304252 |
| 040 ## - Джерело каталогізації | |
| Агенція оригінальної каталогізації | UA-OsUOA |
| Мова каталогізації | rus |
| Агенція, яка здійснювала перезапис | UA-OsUOA |
| Агенція, яка здійснювала модифікацію | UA-OsUOA |
| 041 ## - Код мови | |
| Код мови тексту/ звукової доріжки чи окремого заголовка (П) | rus |
| 080 ## - Індекс Універсальної десяткової класифікації | |
| Індекс Універсальної десяткової класифікації (УДК) (НП) | 316.62:159.923 |
| 090 ## - Локальний шифр розміщення | |
| Класифікаційний індекс УДК | 316.62:159.923 |
| Авторський знак (НП) | Г78 |
| 100 ## - Основне введення – ім’я особи | |
| Ім’я особи (НП) | Грачев Г. |
| 245 ## - Відомості про назву | |
| Назва (НП) | Личность и общество: информационно-психологическая безопасность и психологическая защита |
| Дані про відповідальність (НП) | Георгий Грачев |
| 250 ## - Відомості про видання (редакцію) | |
| Відомості про видання (редакцію) (НП) | 2-е изд., испр. и доп. |
| 260 ## - Публікація, розповсюдження і т.п. (Вихідні дані) | |
| Місце публікації, розповсюдження і т.п. (П) | Волгоград |
| Ім’я/ наймення видавництва, розповсюджувача і т.п. (П) | Издатель |
| Дата публікації, розповсюдження і т.п. (П) | 2004 |
| 300 ## - Фізичний опис | |
| Обсяг | 336 с. |
| 520 ## - Резюме і т.п. | |
| Резюме, реферат, анотація, тощо (НП) | В книге рассматриваются вопросы обеспечения информационно-психологической безопасности личности и общества, формирования системы психологической защиты. Комплексно исследуется проблема манипулирования людьми с использованием различных средств, способов и технологий информационно-психологического воздействия, ставшего достаточно массовым явлением в повседневной жизни, экономической конкуренции и политической борьбе и представляющего основную угрозу информационно-психологической безопасности личности и обществу в современных условиях. Автором раскрываются содержание и структура психологической защиты личности и общества, выделяется такой ее компонент, как психологическая самозащита человека, даются конкретные алгоритмы и рекомендации. Для специалистов в области гуманитарных дисциплин и всех тех, кто интересуется вопросами информационно-психологической безопасности и психологической защиты. |
| 650 ## - Додаткове предметне введення – тематичний термін | |
| Джерело заголовка чи терміна | UDC |
| Тематичний термін чи географічна назва, як елемент введення (НП) | 316.6 Соціальна психологія |
| 942 ## - Додаткові елементи входу (Коха) | |
| Тип елемента Koha | Книги |
| Source of classification or shelving scheme | Universal Decimal Classification |
| 955 ## - Код типу видання за змістом | |
| Код типу видання за змістом (НП) | Наукові видання |
| Стан вилучень | Стан втрат | Джерело класифікації або схеми стелажів | Стан уражень | Не для кредиту | Постійне місце розташування | Поточне розміщення | Дата придбання | Джерело придбання | Вартість, звичайна ціна покупки | Усього замовленно | Повний номер виклику | Штрих-код | Дата останнього перегляду | Вартість, ціна заміни | Ціна ефективна від | Тип елемента Koha | Примітка, призначена для загального доступу |
|---|---|---|---|---|---|---|---|---|---|---|---|---|---|---|---|---|---|
| Universal Decimal Classification | ЧЗ - Читальна зала | ЧЗ - Читальна зала | 23/11/2023 | №40/16.11.2023 | 100.00 | 316.62:159.923 Г78 | 166882 | 23/11/2023 | 100.00 | 23/11/2023 | Книги | подарував Романов М. |